| 000 | 00543cam a2200181 a 4500 | ||
|---|---|---|---|
| 020 | _a074325547X | ||
| 040 | _cDLC | ||
| 082 | 0 | 0 | _a956 SIM 2004 A101 Or. |
| 100 | 1 | _aWoodward, Bob, | |
| 245 | 1 | 0 | _aPlan of attack / |
| 260 |
_aNew York : _bSimon & Schuster, _cc2004. |
||
| 300 |
_axi, 467 : _bill., map ; _c24 cm. |
||
| 500 | _aIncludes index. | ||
| 650 | 0 | _aIraq War, 2003-2011 | |
| 856 | 4 | 2 | _uhttp://www.loc.gov/catdir/bios/simon053/2004351204.html |
| 856 | 4 | 2 | _uhttp://www.loc.gov/catdir/description/simon051/2004351204.html |
| 942 | _cEK | ||
| 999 |
_c13553 _d13553 |
||